| 000 -LEADER | |
|---|---|
| fixed length control field | 00666nam a22002297a 4500 |
| 005 - DATE AND TIME OF LATEST TRANSACTION | |
| control field | 20250420134825.0 |
| 008 - FIXED-LENGTH DATA ELEMENTS--GENERAL INFORMATION | |
| fixed length control field | 220410b ||||| |||| 00| 0 eng d |
| 020 ## - INTERNATIONAL STANDARD BOOK NUMBER | |
| International Standard Book Number | 9781599620497 |
| 040 ## - CATALOGING SOURCE | |
| Transcribing agency | KCST |
| 082 ## - DEWEY DECIMAL CLASSIFICATION NUMBER | |
| Classification number | 954 |
| Item number | Me In |
| 100 ## - MAIN ENTRY--PERSONAL NAME | |
| Personal name | Meola, Eric |
| 9 (RLIN) | 5705 |
| 245 ## - TITLE STATEMENT | |
| Title | India : |
| Remainder of title | in word & image / |
| Statement of responsibility, etc. | Eric Meola |
| 250 ## - EDITION STATEMENT | |
| Edition statement | 1st |
| 260 ## - PUBLICATION, DISTRIBUTION, ETC. | |
| Place of publication, distribution, etc. | New York : |
| Name of publisher, distributor, etc. | Welcome Books, |
| Date of publication, distribution, etc. | 2008. |
| 300 ## - PHYSICAL DESCRIPTION | |
| Extent | 272 pages : |
| Other physical details | color illustrations ; |
| Dimensions | 34 cm |
| 650 ## - SUBJECT ADDED ENTRY--TOPICAL TERM | |
| Topical term or geographic name entry element | India |
| Form subdivision | Pictorial works. |
| 9 (RLIN) | 5706 |
| 650 ## - SUBJECT ADDED ENTRY--TOPICAL TERM | |
| Topical term or geographic name entry element | India |
| Form subdivision | Description and travel. |
| 9 (RLIN) | 5707 |
| 650 ## - SUBJECT ADDED ENTRY--TOPICAL TERM | |
| Topical term or geographic name entry element | Travel. |
| 9 (RLIN) | 5708 |
| 700 ## - ADDED ENTRY--PERSONAL NAME | |
| Personal name | Mukherjee, Bharati |
| Relator term | introduction by: |
| 9 (RLIN) | 5709 |
| 942 ## - ADDED ENTRY ELEMENTS (KOHA) | |
| Koha item type | Book |
| 942 ## - ADDED ENTRY ELEMENTS (KOHA) | |
| Source of classification or shelving scheme | Dewey Decimal Classification |
| Withdrawn status | Lost status | Source of classification or shelving scheme | Damaged status | Not for loan | Home library | Current library | Date acquired | Source of acquisition | Total checkouts | Full call number | Barcode | Date last seen | Price effective from | Koha item type |
|---|---|---|---|---|---|---|---|---|---|---|---|---|---|---|
| Dewey Decimal Classification | KCST Library | KCST Library | 10/04/2022 | Indian Embassy -Kuwait | 954 Me In | 1000001075 | 10/04/2022 | 10/04/2022 | Reference Books | |||||
| Dewey Decimal Classification | KCST Library | KCST Library | 19/02/2024 | Indian Embassy -Kuwait | 954 Me In | 1000001591 | 22/08/2024 | Reference Books | ||||||
| Dewey Decimal Classification | KCST Library | KCST Library | 19/02/2024 | Indian Embassy -Kuwait | 954 Me In | 1000001592 | 22/08/2024 | 22/08/2024 | Reference Books |